000 00867cab a2200253 4500
001 WB2813-29
008 090401t1992 xxu||||| |||| 00| 0 eng d
035 _a(Sirsi) u63915
041 _aeng
245 _aDetermining measure of damages
260 _c1992
350 _a0
490 _aEstates Gazette Case Summaries
_v(1992) EGCS 36(1) (21/3/92)
520 _a"Corfield v Grant and another" QBD 26 February 1992. The court had to decide an architect`s fee for an incomplete project and the deduction from this sum for breach of contract because of lack of supervision of the work.
650 _aARCHITECTS
650 _aBREACH OF CONTRACT
650 _aFEES
650 _aMEASURE OF DAMAGES
650 _aPERCENTAGE
650 _aSUPERVISION
690 _aMANAGEMENT-BUSINESS MANAGEMENT-PROFESSIONAL PRACTICE
942 _n0
948 _c04/03/1997
999 _c39769
_d39769